| 000 | 00391nam a2200121 4500 | ||
|---|---|---|---|
| 245 |
_aUnto this Last, the Political economy of Art and essays on Political economy _cby John Ruskin ; introduction by John Bryson |
||
| 100 | _aRuskin, John | ||
| 710 | _aBryson, John | ||
| 260 |
_aLondon _bDent _c1907 |
||
| 300 | _axx,311p.; 20cm.- | ||
| 490 | _aEveryman's library ; 216 | ||
| 082 |
_a824.7 _bRUS/BRY |
||
| 999 |
_c1914 _d1914 |
||